000 00704nam a22002177a 4500
003 UA-OsUOA
001 130396
007 ta
008 20180423b un ||||| |||| 00| 0 ukr d
100 _aВишняк О.
090 _a32
_bВ55
942 _cSA
040 _aUA-OsUOA
_bukr
_cUA-OsUOA
_dUA-OsUOA
245 _aТенденції змін членства в політичних партіях та партійної ідентифікації громадян України
300 _aС.103-118
955 _a0
041 _aukr
080 _a32
773 0 _w130395
_tСоціологія: теорія, методи, маркетинг
_dК.
_d2018
_g1
650 7 _a32 Політика
_2UDC
999 _c418422
_d418422